| 000 | 00692nam a2200253 a 4500 | ||
|---|---|---|---|
| 001 | 000108104 | ||
| 003 | CHAP | ||
| 005 | 20220329143957.0 | ||
| 008 | 131205s2009 nyua |r| ||||||eng d | ||
| 010 | _a104566 | ||
| 011 | _a105538 | ||
| 020 | _a9781418053543 | ||
| 040 | _cCHAP | ||
| 082 | 0 | 4 |
_a363.7 _bD49 |
| 245 | 0 | 0 |
_aEnvironmental science : _bfundamentals and applications / _ceditado por L. DeVere Burton. |
| 300 |
_axiii, 421 p. : _bil. |
||
| 590 |
_aE11695DGD _b10 _c20131205 _lUCH01 _h0915 |
||
| 590 |
_aE11695DGD _b10 _c20140203 _lUCH01 _h1058 |
||
| 650 | 1 | 4 |
_aMedio ambiente. _974065 |
| 700 | 0 |
_aDeVere Burton, L. _eed. _932311 |
|
| 901 | _aBK | ||
| 942 | _cLIBRO | ||
| 942 | _n0 | ||
| 999 |
_c104566 _d104566 |
||